[Event "SWE-ch 2019"]
[Site "Eskilstuna"]
[Date "2019.07.10"]
[Round "5.2"]
[White "Sagit, Rauan"]
[Black "Wiedenkeller, Michael"]
[Result "1-0"]
[WhiteElo "2429"]
[BlackElo "2461"]
[Annotator "ChessBase"]
[PlyCount "232"]
[EventDate "2019.07.06"]
[EventType "tourn"]
[EventCountry "SWE"]
[SourceTitle "playchess.com"]
[Source "ChessBase"]
[SourceQuality "1"]
[TimeControl "40/5400+30:1800+30"]

1. Nf3 {[%emt 0:00:00]} d5 {[%emt 0:00:00]} 2. g3 {[%emt 0:00:00]} c6 {[%emt 0:00:19]} 3. Bg2 {[%emt 0:00:26]} Bg4 {[%emt 0:00:22]} 4. h3 {[%emt 0:00:28]} Bxf3 {[%emt 0:01:17]} 5. Bxf3 {[%emt 0:00:19]} e5 {[%emt 0:01:35]} 6. d3 {[%emt 0:00:24]} Nf6 {[%emt 0:00:41]} 7. e3 {[%emt 0:00:39]} Bd6 {[%emt 0:05:20]} 8. Nc3 {[%emt 0:01:03]} O-O {[%emt 0:02:13]} 9. O-O {[%emt 0:00:46]} Nbd7 {[%emt 0:02:48]} 10. Bg2 {[%emt 0:00:31]} Re8 {[%emt 0:01:24]} 11. e4 {[%emt 0:00:46]} dxe4 {[%emt 0:01:03]} 12. Nxe4 {[%emt 0:01:03]} Nxe4 {[%emt 0:03:55]} 13. dxe4 {[%emt 0:03:50]} Bc5 {[%emt 0:00:46]} 14. c3 {[%emt 0:00:41]} a5 {[%emt 0:01:19]} 15. Rb1 {[%emt 0:01:54]} Qe7 {[%emt 0:04:37]} 16. Qe2 {[%emt 0:02:39]} Qe6 {[%emt 0:03:47]} 17. b3 {[%emt 0:01:30]} h6 {[%emt 0:00:37]} 18. Rd1 {[%emt 0:01:13]} Red8 {[%emt 0:02:22]} 19. Bd2 {[%emt 0:03:14]} Nf6 {[%emt 0:02:49]} 20. Be1 {[%emt 0:00:52]} Bb6 {[%emt 0:02:35]} 21. Rxd8+ {[%emt 0:02:53]} Rxd8 {[%emt 0:00:51]} 22. Rd1 {[%emt 0:00:52]} Rxd1 {[%emt 0:03:13]} 23. Qxd1 {[%emt 0:00:09]} Qd7 {[%emt 0:01:40]} 24. Qxd7 {[%emt 0:00:40]} Nxd7 {[%emt 0:00:03]} 25. Kf1 {[%emt 0:00:44]} Kf8 {[%emt 0:00:53]} 26. Ke2 {[%emt 0:00:37]} Ke7 {[%emt 0:01:50]} 27. h4 {[%emt 0:05:18]} h5 {[%emt 0:05:39]} 28. Bd2 {[%emt 0:01:45]} Nf8 {[%emt 0:02:08]} 29. Bh3 {[%emt 0:01:27]} Bc7 {[%emt 0:04:14]} 30. Bg5+ {[%emt 0:04:20]} f6 {[%emt 0:01:21]} 31. Be3 {[%emt 0:01:42]} Ne6 {[%emt 0:00:12]} 32. f3 {[%emt 0:02:05]} g6 {[%emt 0:02:32]} 33. Kd2 {[%emt 0:07:43]} Bd8 {[%emt 0:08:13]} 34. Ke2 {[%emt 0:07:55]} Bc7 {[%emt 0:00:43]} 35. Kd3 {[%emt 0:02:11]} Kf7 {[%emt 0:12:30]} 36. Kc4 {[%emt 0:02:29]} b5+ {[%emt 0:02:50]} 37. Kd3 {[%emt 0:00:22]} Ke7 {[%emt 0:00:55]} 38. a4 {[%emt 0:05:49]} Bd6 {[%emt 0:05:21]} 39. Bxe6 {[%emt 0:03:33]} Kxe6 {[%emt 0:00:44]} 40. Bb6 {[%emt 0:00:24]} Kd7 {[%emt 0:06:21]} 41. Bxa5 {[%emt 0:33:08]} Bc5 {[%emt 0:30:12]} 42. Ke2 {[%emt 0:00:28]} f5 {[%emt 0:07:56]} 43. exf5 {[%emt 0:04:02]} gxf5 {[%emt 0:00:08]} 44. Bb4 {[%emt 0:00:43]} Ba7 {[%emt 0:01:11]} 45. c4 {[%emt 0:03:07]} bxa4 {[%emt 0:00:00]} 46. bxa4 {[%emt 0:00:00]} Bd4 {[%emt 0:00:00]} 47. Be1 {[%emt 0:00:00]} e4 {[%emt 0:00:00]} 48. fxe4 {[%emt 0:00:00]} fxe4 {[%emt 0:00:00]} 49. Bf2 {[%emt 0:00:00]} c5 {[%emt 0:00:00]} 50. Be1 {[%emt 0:00:00]} Kc6 {[%emt 0:00:00]} 51. Kf1 {[%emt 0:00:00]} Bb2 {[%emt 0:00:00]} 52. Kf2 {[%emt 0:00:00]} Bc1 {[%emt 0:00:00]} 53. Ke2 {[%emt 0:00:00]} Kb6 {[%emt 0:00:00]} 54. Bd2 {[%emt 0:00:00]} Ba3 {[%emt 0:00:00]} 55. Ke3 {[%emt 0:11:30]} Bb4 {[%emt 0:00:00]} 56. Bxb4 {[%emt 0:02:38]} cxb4 {[%emt 0:00:00]} 57. Kxe4 {[%emt 0:00:11]} Ka5 {[%emt 0:00:00]} 58. c5 {[%emt 0:02:18]} b3 {[%emt 0:00:00]} 59. Kd3 {[%emt 0:00:23]} Kxa4 {[%emt 0:00:00]} 60. c6 {[%emt 0:00:31]} Ka3 {[%emt 0:00:00]} 61. c7 {[%emt 0:00:54]} b2 {[%emt 0:00:00]} 62. c8=Q {[%emt 0:00:18]} b1=Q+ {[%emt 0:00:00]} 63. Qc2 {[%emt 0:03:09]} Qb5+ {[%emt 0:00:00]} 64. Qc4 {[%emt 0:02:02]} Qf5+ {[%emt 0:00:00]} 65. Ke3 {[%emt 0:00:57]} Qe5+ {[%emt 0:00:00]} 66. Kf3 {[%emt 0:00:34]} Qf6+ {[%emt 0:00:00]} 67. Qf4 {[%emt 0:00:33]} Qc6+ {[%emt 0:00:00]} 68. Ke3 {[%emt 0:01:05]} Qe6+ {[%emt 0:01:06]} 69. Kd4 {[%emt 0:00:22]} Qg6 {[%emt 0:01:59]} 70. Ke5 {[%emt 0:03:08]} Ka2 {[%emt 0:01:59]} 71. Qg5 {[%emt 0:00:45]} Qe8+ {[%emt 0:00:12]} 72. Kf6 {[%emt 0:00:15]} Qf8+ {[%emt 0:00:31]} 73. Kg6 {[%emt 0:00:27]} Qe8+ {[%emt 0:00:14]} 74. Kg7 {[%emt 0:00:14]} Qd7+ {[%emt 0:00:49]} 75. Kh6 {[%emt 0:00:29]} Qe8 {[%emt 0:00:24]} 76. Kh7 {[%emt 0:01:08]} Qf7+ {[%emt 0:01:12]} 77. Qg7 {[%emt 0:00:36]} Qf3 {[%emt 0:00:55]} 78. Kh6 {[%emt 0:00:38]} Ka3 {[%emt 0:03:20]} 79. Qe5 {[%emt 0:00:00]} Qf7 {[%emt 0:00:37]} 80. Kg5 {[%emt 0:00:00]} Qh7 {[%emt 0:00:32]} 81. Qd6+ {[%emt 0:00:43]} Ka2 {[%emt 0:00:31]} 82. Qa6+ {[%emt 0:00:25]} Kb2 {[%emt 0:00:15]} 83. Qe2+ {[%emt 0:00:28]} Ka3 {[%emt 0:00:51]} 84. Qxh5 {[%emt 0:00:31]} Qe7+ {[%emt 0:00:15]} 85. Kf4 {[%emt 0:00:45]} Qb4+ {[%emt 0:00:43]} 86. Kf3 {[%emt 0:00:30]} Qb7+ {[%emt 0:01:47]} 87. Kf2 {[%emt 0:00:17]} Qb2+ {[%emt 0:01:26]} 88. Qe2 {[%emt 0:00:17]} Qg7 {[%emt 0:00:35]} 89. g4 {[%emt 0:00:41]} Kb4 {[%emt 0:00:18]} 90. Qe4+ {[%emt 0:00:43]} Kc5 {[%emt 0:00:12]} 91. h5 {[%emt 0:01:04]} Kd6 {[%emt 0:00:37]} 92. Qf4+ {[%emt 0:00:30]} Ke6 {[%emt 0:00:24]} 93. Kf3 {[%emt 0:01:25]} Qa1 {[%emt 0:00:32]} 94. Kg3 {[%emt 0:01:34]} Qe1+ {[%emt 0:01:41]} 95. Qf2 {[%emt 0:00:30]} Qe4 {[%emt 0:01:05]} 96. Kh4 {[%emt 0:00:38]} Qe5 {[%emt 0:00:45]} 97. Qg3 {[%emt 0:00:53]} Qd5 {[%emt 0:00:28]} 98. Qe3+ {[%emt 0:00:51]} Kf7 {[%emt 0:00:10]} 99. Qf4+ {[%emt 0:00:09]} Ke8 {[%emt 0:00:56]} 100. Qf5 {[%emt 0:00:52]} Qd2 {[%emt 0:00:27]} 101. Qe5+ {[%emt 0:00:57]} Kf7 {[%emt 0:00:13]} 102. Qc7+ {[%emt 0:00:40]} Kf6 {[%emt 0:00:47]} 103. Qc6+ {[%emt 0:00:59]} Kf7 {[%emt 0:00:20]} 104. Qe4 {[%emt 0:00:41]} Kg7 {[%emt 0:00:51]} 105. Qe7+ {[%emt 0:00:34]} Kh8 {[%emt 0:00:01]} 106. Qe5+ {[%emt 0:00:49]} Kh7 {[%emt 0:00:05]} 107. Kg3 {[%emt 0:01:24]} Qd3+ {[%emt 0:00:26]} 108. Kf4 {[%emt 0:00:11]} Qd2+ {[%emt 0:00:48]} 109. Kf5 {[%emt 0:00:15]} Qd7+ {[%emt 0:00:42]} 110. Qe6 {[%emt 0:00:42]} Qb5+ {[%emt 0:00:39]} 111. Kf6 {[%emt 0:00:34]} Qb2+ {[%emt 0:00:23]} 112. Ke7 {[%emt 0:00:34]} Qb4+ {[%emt 0:00:52]} 113. Kf7 {[%emt 0:00:14]} Qb7+ {[%emt 0:00:29]} 114. Qe7 {[%emt 0:00:21]} Qf3+ {[%emt 0:00:33]} 115. Ke6+ {[%emt 0:00:31]} Kg8 {[%emt 0:00:33]} 116. Qg5+ {[%emt 0:00:17]} Kh7 {[%emt 0:00:32]} 1-0

[Event "SWE-ch 2019"]
[Site "Eskilstuna"]
[Date "2019.07.10"]
[Round "5.3"]
[White "Smith, Axel"]
[Black "Hillarp Persson, Tiger"]
[Result "1-0"]
[WhiteElo "2469"]
[BlackElo "2562"]
[Annotator "ChessBase"]
[PlyCount "165"]
[EventDate "2019.07.06"]
[EventType "tourn"]
[EventCountry "SWE"]
[SourceTitle "playchess.com"]
[Source "ChessBase"]
[SourceQuality "1"]
[TimeControl "40/5400+30:1800+30"]

1. d4 {[%emt 0:00:00]} Nf6 {[%emt 0:00:00]} 2. c4 {[%emt 0:00:00]} e6 {[%emt 0:00:00]} 3. Nc3 {[%emt 0:00:00]} Bb4 {[%emt 0:00:08]} 4. f3 {[%emt 0:00:00]} d5 {[%emt 0:12:03]} 5. a3 {[%emt 0:00:00]} Bxc3+ {[%emt 0:00:19]} 6. bxc3 {[%emt 0:00:00]} c5 {[%emt 0:00:40]} 7. cxd5 {[%emt 0:00:00]} Nxd5 {[%emt 0:00:13]} 8. dxc5 {[%emt 0:00:02]} Qa5 {[%emt 0:02:30]} 9. e4 {[%emt 0:00:04]} Ne7 {[%emt 0:04:08]} 10. Be3 {[%emt 0:00:38]} Nd7 {[%emt 0:00:40]} 11. Qb3 {[%emt 0:05:40]} O-O {[%emt 0:03:23]} 12. Bb5 {[%emt 0:02:48]} Qc7 {[%emt 0:11:06]} 13. Bxd7 {[%emt 0:00:12]} Bxd7 {[%emt 0:00:08]} 14. Ne2 {[%emt 0:00:08]} Nc6 {[%emt 0:02:14]} 15. O-O {[%emt 0:14:56]} Na5 {[%emt 0:02:10]} 16. Qb4 {[%emt 0:00:38]} Nc6 {[%emt 0:00:54]} 17. Qb3 {[%emt 0:20:27]} Na5 {[%emt 0:01:14]} 18. Qb4 {[%emt 0:00:16]} Nc6 {[%emt 0:00:11]} 19. Qb2 {[%emt 0:05:39]} Na5 {[%emt 0:03:03]} 20. Bf2 {[%emt 0:00:31]} e5 {[%emt 0:05:46]} 21. Qb4 {[%emt 0:14:31]} Nc6 {[%emt 0:00:42]} 22. Qb2 {[%emt 0:00:17]} Na5 {[%emt 0:00:19]} 23. Rab1 {[%emt 0:06:59]} Rfd8 {[%emt 0:12:24]} 24. Qb4 {[%emt 0:02:49]} f5 {[%emt 0:17:09]} 25. Rfd1 {[%emt 0:07:39]} fxe4 {[%emt 0:02:34]} 26. Qxe4 {[%emt 0:01:44]} Be8 {[%emt 0:02:55]} 27. Qb4 {[%emt 0:02:29]} Bg6 {[%emt 0:01:49]} 28. Rbc1 {[%emt 0:00:39]} Nc6 {[%emt 0:03:00]} 29. Qa4 {[%emt 0:02:59]} Rxd1+ {[%emt 0:00:34]} 30. Rxd1 {[%emt 0:00:09]} Rd8 {[%emt 0:01:14]} 31. Ng3 {[%emt 0:05:21]} h6 {[%emt 0:03:17]} 32. h4 {[%emt 0:00:12]} Kf8 {[%emt 0:03:05]} 33. Rxd8+ {[%emt 0:01:32]} Qxd8 {[%emt 0:00:11]} 34. Qg4 {[%emt 0:00:32]} Qe8 {[%emt 0:03:17]} 35. Be3 {[%emt 0:03:13]} h5 {[%emt 0:01:14]} 36. Qg5 {[%emt 0:01:04]} Qf7 {[%emt 0:00:06]} 37. Bf2 {[%emt 0:02:03]} Qf6 {[%emt 0:01:02]} 38. Qd2 {[%emt 0:01:23]} Qd8 {[%emt 0:02:03]} 39. Qb2 {[%emt 0:00:56]} Qd7 {[%emt 0:00:49]} 40. Qb3 {[%emt 0:00:53]} Qf7 {[%emt 0:00:42]} 41. Qd1 {[%emt 0:30:35]} Kg8 {[%emt 0:06:12]} 42. Nf1 {[%emt 0:00:00]} Qa2 {[%emt 0:15:05]} 43. Qc1 {[%emt 0:00:00]} Qb1 {[%emt 0:00:39]} 44. Qxb1 {[%emt 0:00:00]} Bxb1 {[%emt 0:00:09]} 45. g4 {[%emt 0:00:00]} g6 {[%emt 0:05:11]} 46. Ng3 {[%emt 0:00:00]} hxg4 {[%emt 0:00:07]} 47. fxg4 {[%emt 0:00:00]} Kf7 {[%emt 0:00:30]} 48. Kg2 {[%emt 0:00:00]} Ke6 {[%emt 0:00:25]} 49. Kf3 {[%emt 0:00:00]} Kd5 {[%emt 0:00:53]} 50. h5 {[%emt 0:00:00]} gxh5 {[%emt 0:00:10]} 51. gxh5 {[%emt 0:00:00]} Bh7 {[%emt 0:01:44]} 52. h6 {[%emt 0:00:00]} Na5 {[%emt 0:01:32]} 53. Be3 {[%emt 0:00:24]} Nc4 {[%emt 0:00:33]} 54. Bc1 {[%emt 0:00:39]} a6 {[%emt 0:00:47]} 55. Nh5 {[%emt 0:00:58]} Ke6 {[%emt 0:00:31]} 56. Kg4 {[%emt 0:01:57]} e4 {[%emt 0:02:05]} 57. Kf4 {[%emt 0:00:52]} Ne5 {[%emt 0:01:22]} 58. Be3 {[%emt 0:00:13]} Nc4 {[%emt 0:00:25]} 59. Bd4 {[%emt 0:00:36]} e3 {[%emt 0:01:00]} 60. Bxe3 {[%emt 0:00:15]} Nxa3 {[%emt 0:00:06]} 61. Bd4 {[%emt 0:01:48]} Nc4 {[%emt 0:01:00]} 62. Nf6 {[%emt 0:00:41]} Bg6 {[%emt 0:00:10]} 63. h7 {[%emt 0:00:53]} Bxh7 {[%emt 0:00:05]} 64. Nxh7 {[%emt 0:00:02]} a5 {[%emt 0:00:08]} 65. Ke4 {[%emt 0:01:05]} a4 {[%emt 0:00:06]} 66. Ng5+ {[%emt 0:00:05]} Kd7 {[%emt 0:00:57]} 67. Nf3 {[%emt 0:00:01]} a3 {[%emt 0:00:16]} 68. Ne1 {[%emt 0:00:26]} a2 {[%emt 0:00:34]} 69. Nc2 {[%emt 0:00:02]} Ke6 {[%emt 0:00:24]} 70. Na1 {[%emt 0:02:37]} Nb2 {[%emt 0:01:47]} 71. Bg1 {[%emt 0:00:59]} Nc4 {[%emt 0:00:35]} 72. Kd4 {[%emt 0:00:22]} Ne5 {[%emt 0:00:21]} 73. Be3 {[%emt 0:00:28]} Kf5 {[%emt 0:00:31]} 74. Bc1 {[%emt 0:00:36]} Ke6 {[%emt 0:00:22]} 75. Bf4 {[%emt 0:00:26]} Nc6+ {[%emt 0:00:37]} 76. Kc4 {[%emt 0:00:30]} Kf5 {[%emt 0:00:06]} 77. Bc1 {[%emt 0:00:51]} Ke4 {[%emt 0:00:06]} 78. Bb2 {[%emt 0:00:34]} Ne5+ {[%emt 0:00:43]} 79. Kb3 {[%emt 0:00:22]} Nd3 {[%emt 0:00:31]} 80. Ba3 {[%emt 0:00:26]} Kd5 {[%emt 0:00:16]} 81. Nc2 {[%emt 0:00:32]} Ne1 {[%emt 0:00:50]} 82. Bb2 {[%emt 0:00:38]} Nd3 {[%emt 0:00:45]} 83. Nb4+ {[%emt 0:00:30]} 1-0

[Event "SWE-ch 2019"]
[Site "Eskilstuna"]
[Date "2019.07.10"]
[Round "5.4"]
[White "Kucuksari, Kaan"]
[Black "Hector, Jonny"]
[Result "0-1"]
[WhiteElo "2310"]
[BlackElo "2487"]
[Annotator "ChessBase"]
[PlyCount "137"]
[EventDate "2019.07.06"]
[EventType "tourn"]
[EventCountry "SWE"]
[SourceTitle "playchess.com"]
[Source "ChessBase"]
[SourceQuality "1"]
[TimeControl "40/5400+30:1800+30"]

1. d4 {[%emt 0:01:48]} d5 {[%emt 0:00:07]} 2. Nf3 {[%emt 0:00:04]} Nf6 {[%emt 0:00:09]} 3. c4 {[%emt 0:00:05]} c6 {[%emt 0:00:08]} 4. Qb3 {[%emt 0:00:07]} dxc4 {[%emt 0:01:48]} 5. Qxc4 {[%emt 0:00:02]} Bg4 {[%emt 0:00:24]} 6. Nc3 {[%emt 0:00:03]} Nbd7 {[%emt 0:01:03]} 7. Bf4 {[%emt 0:02:16]} Nb6 {[%emt 0:01:13]} 8. Qd3 {[%emt 0:00:39]} Bxf3 {[%emt 0:00:30]} 9. gxf3 {[%emt 0:00:12]} Nfd5 {[%emt 0:00:21]} 10. Nxd5 {[%emt 0:00:32]} Nxd5 {[%emt 0:00:20]} 11. Bd2 {[%emt 0:00:03]} e6 {[%emt 0:00:27]} 12. Qb3 {[%emt 0:02:12]} Qc7 {[%emt 0:07:32]} 13. e4 {[%emt 0:06:07]} Nb6 {[%emt 0:01:23]} 14. f4 {[%emt 0:13:20]} O-O-O {[%emt 0:03:41]} 15. Be3 {[%emt 0:05:44]} Bd6 {[%emt 0:03:40]} 16. a4 {[%emt 0:03:03]} Bxf4 {[%emt 0:05:11]} 17. a5 {[%emt 0:00:11]} Nd7 {[%emt 0:01:34]} 18. a6 {[%emt 0:00:27]} Bxe3 {[%emt 0:05:18]} 19. axb7+ {[%emt 0:11:18]} Kb8 {[%emt 0:00:21]} 20. fxe3 {[%emt 0:08:59]} Qxb7 {[%emt 0:06:54]} 21. Qc2 {[%emt 0:06:03]} c5 {[%emt 0:08:40]} 22. Ba6 {[%emt 0:00:30]} Qb4+ {[%emt 0:00:30]} 23. Qc3 {[%emt 0:05:03]} Qxc3+ {[%emt 0:02:44]} 24. bxc3 {[%emt 0:00:00]} cxd4 {[%emt 0:00:33]} 25. exd4 {[%emt 0:05:33]} Nb6 {[%emt 0:02:54]} 26. Ke2 {[%emt 0:00:51]} Rd7 {[%emt 0:02:18]} 27. Ke3 {[%emt 0:07:30]} Rhd8 {[%emt 0:06:03]} 28. Rhd1 {[%emt 0:00:01]} Rc7 {[%emt 0:04:38]} 29. Rdc1 {[%emt 0:01:08]} e5 {[%emt 0:03:15]} 30. d5 {[%emt 0:00:33]} Rd6 {[%emt 0:02:36]} 31. c4 {[%emt 0:02:46]} Nd7 {[%emt 0:03:18]} 32. Bb5 {[%emt 0:14:56]} Nc5 {[%emt 0:00:57]} 33. Rcb1 {[%emt 0:01:29]} Kc8 {[%emt 0:02:22]} 34. Bc6 {[%emt 0:00:27]} Rh6 {[%emt 0:04:47]} 35. Ra5 {[%emt 0:01:09]} Rh3+ {[%emt 0:00:17]} 36. Kf2 {[%emt 0:00:03]} Nxe4+ {[%emt 0:00:52]} 37. Kg2 {[%emt 0:00:03]} Rc3 {[%emt 0:00:27]} 38. Rab5 {[%emt 0:02:51]} Rc2+ {[%emt 0:03:51]} 39. Kg1 {[%emt 0:00:32]} Kd8 {[%emt 0:00:40]} 40. Rb8+ {[%emt 0:00:02]} Ke7 {[%emt 0:00:55]} 41. R1b7 {[%emt 0:02:25]} Rxb7 {[%emt 0:00:58]} 42. Rxb7+ {[%emt 0:00:01]} Kf6 {[%emt 0:02:01]} 43. Bb5 {[%emt 0:00:02]} Nd6 {[%emt 0:03:06]} 44. Rxa7 {[%emt 0:01:44]} Nxb5 {[%emt 0:04:08]} 45. cxb5 {[%emt 0:00:02]} Rc5 {[%emt 0:00:16]} 46. Ra6+ {[%emt 0:00:30]} Kf5 {[%emt 0:01:22]} 47. Ra7 {[%emt 0:00:07]} Kg6 {[%emt 0:00:34]} 48. b6 {[%emt 0:00:18]} Rxd5 {[%emt 0:00:11]} 49. b7 {[%emt 0:00:02]} Rb5 {[%emt 0:00:14]} 50. Kf2 {[%emt 0:00:07]} Rb3 {[%emt 0:01:03]} 51. Ke2 {[%emt 0:00:12]} e4 {[%emt 0:02:00]} 52. Kd2 {[%emt 0:00:11]} e3+ {[%emt 0:00:21]} 53. Ke2 {[%emt 0:01:37]} h5 {[%emt 0:03:10]} 54. h4 {[%emt 0:01:23]} f6 {[%emt 0:01:18]} 55. Kf3 {[%emt 0:00:07]} Kh6 {[%emt 0:00:22]} 56. Ke2 {[%emt 0:02:47]} g5 {[%emt 0:01:05]} 57. Ra6 {[%emt 0:00:36]} Kg7 {[%emt 0:00:30]} 58. Ra7 {[%emt 0:00:23]} Kg6 {[%emt 0:00:10]} 59. Ra6 {[%emt 0:01:17]} Kf5 {[%emt 0:03:43]} 60. Ra5+ {[%emt 0:00:14]} Kg4 {[%emt 0:00:42]} 61. Ra4+ {[%emt 0:00:01]} Kg3 {[%emt 0:01:12]} 62. hxg5 {[%emt 0:00:09]} fxg5 {[%emt 0:00:13]} 63. Ra5 {[%emt 0:00:07]} Kh4 {[%emt 0:00:24]} 64. Ra7 {[%emt 0:00:04]} g4 {[%emt 0:00:14]} 65. Kf1 {[%emt 0:00:02]} Kg3 {[%emt 0:00:49]} 66. Ke2 {[%emt 0:00:20]} h4 {[%emt 0:00:00]} 67. Kd1 {[%emt 0:00:22]} h3 {[%emt 0:00:25]} 68. Ke2 {[%emt 0:00:53]} h2 {[%emt 0:00:35]} 69. Ra1 {[%emt 0:01:39]} 0-1

[Event "SWE-ch 2019"]
[Site "Eskilstuna"]
[Date "2019.07.10"]
[Round "5.5"]
[White "Cramling, Pia"]
[Black "Johansson, Linus"]
[Result "1/2-1/2"]
[WhiteElo "2479"]
[BlackElo "2480"]
[Annotator "ChessBase"]
[PlyCount "172"]
[EventDate "2019.07.06"]
[EventType "tourn"]
[EventCountry "SWE"]
[SourceTitle "playchess.com"]
[Source "ChessBase"]
[SourceQuality "1"]
[TimeControl "40/5400+30:1800+30"]

1. Nf3 {[%emt 0:00:06]} c5 {[%emt 0:00:00]} 2. c4 {[%emt 0:00:07]} Nc6 {[%emt 0:00:00]} 3. d4 {[%emt 0:00:13]} cxd4 {[%emt 0:00:00]} 4. Nxd4 {[%emt 0:00:03]} Qb6 {[%emt 0:00:00]} 5. e3 {[%emt 0:04:08]} e6 {[%emt 0:00:33]} 6. Nc3 {[%emt 0:01:07]} Nf6 {[%emt 0:00:07]} 7. Be2 {[%emt 0:09:53]} Be7 {[%emt 0:00:42]} 8. O-O {[%emt 0:04:50]} O-O {[%emt 0:00:06]} 9. b3 {[%emt 0:04:52]} d5 {[%emt 0:01:06]} 10. Na4 {[%emt 0:04:23]} Qa5 {[%emt 0:06:04]} 11. Bd2 {[%emt 0:00:57]} Qd8 {[%emt 0:02:37]} 12. Bc3 {[%emt 0:01:44]} Bd7 {[%emt 0:02:26]} 13. cxd5 {[%emt 0:05:22]} Nxd5 {[%emt 0:02:32]} 14. Bb2 {[%emt 0:00:21]} Nxd4 {[%emt 0:09:11]} 15. Bxd4 {[%emt 0:00:11]} Bxa4 {[%emt 0:05:15]} 16. bxa4 {[%emt 0:00:09]} Bf6 {[%emt 0:01:26]} 17. Bf3 {[%emt 0:03:14]} Nb6 {[%emt 0:06:00]} 18. Bxf6 {[%emt 0:16:47]} Qxf6 {[%emt 0:00:05]} 19. Qb3 {[%emt 0:00:45]} Rac8 {[%emt 0:03:46]} 20. Rad1 {[%emt 0:05:21]} Rc3 {[%emt 0:05:05]} 21. Qb5 {[%emt 0:01:56]} Rc2 {[%emt 0:07:16]} 22. Rd4 {[%emt 0:07:19]} e5 {[%emt 0:11:17]} 23. Re4 {[%emt 0:04:10]} Rxa2 {[%emt 0:01:52]} 24. a5 {[%emt 0:10:22]} Nc8 {[%emt 0:01:12]} 25. Qxe5 {[%emt 0:00:22]} Qa6 {[%emt 0:01:55]} 26. Rg4 {[%emt 0:08:36]} g6 {[%emt 0:01:05]} 27. Qc7 {[%emt 0:00:14]} Qxa5 {[%emt 0:09:34]} 28. Qxa5 {[%emt 0:00:08]} Rxa5 {[%emt 0:00:03]} 29. Bxb7 {[%emt 0:00:05]} Nb6 {[%emt 0:00:20]} 30. Rd1 {[%emt 0:00:56]} Kg7 {[%emt 0:00:36]} 31. g3 {[%emt 0:00:16]} Rb8 {[%emt 0:00:18]} 32. Bf3 {[%emt 0:00:26]} Rc8 {[%emt 0:00:17]} 33. Rgd4 {[%emt 0:00:46]} Rc2 {[%emt 0:00:24]} 34. R4d2 {[%emt 0:00:14]} Rc7 {[%emt 0:04:22]} 35. h4 {[%emt 0:00:22]} Kf6 {[%emt 0:02:28]} 36. Rd4 {[%emt 0:00:54]} Ra2 {[%emt 0:04:01]} 37. R1d2 {[%emt 0:01:35]} Rxd2 {[%emt 0:02:01]} 38. Rxd2 {[%emt 0:00:02]} h5 {[%emt 0:01:09]} 39. Kg2 {[%emt 0:01:18]} Ke7 {[%emt 0:00:54]} 40. Ra2 {[%emt 0:02:19]} Kd6 {[%emt 0:03:25]} 41. Ra5 {[%emt 0:30:35]} Nc4 {[%emt 0:35:12]} 42. Rd5+ {[%emt 0:00:00]} Ke6 {[%emt 0:00:00]} 43. Rd4 {[%emt 0:00:00]} Nb6 {[%emt 0:00:00]} 44. Bd1 {[%emt 0:00:00]} Rc3 {[%emt 0:00:00]} 45. Rd8 {[%emt 0:00:00]} Ke7 {[%emt 0:00:00]} 46. Rb8 {[%emt 0:00:00]} Rd3 {[%emt 0:00:00]} 47. Bc2 {[%emt 0:00:00]} Rd8 {[%emt 0:00:00]} 48. Rb7+ {[%emt 0:00:00]} Rd7 {[%emt 0:00:00]} 49. Rb8 {[%emt 0:00:00]} Nc4 {[%emt 0:00:00]} 50. Bb3 {[%emt 0:00:00]} Ne5 {[%emt 0:00:00]} 51. Rb5 {[%emt 0:00:00]} Ng4 {[%emt 0:00:00]} 52. Bd5 {[%emt 0:00:00]} Rc7 {[%emt 0:00:00]} 53. Bf3 {[%emt 0:00:00]} Nf6 {[%emt 0:00:00]} 54. Re5+ {[%emt 0:00:00]} Kd6 {[%emt 0:00:00]} 55. Ra5 {[%emt 0:00:00]} Nd7 {[%emt 0:00:00]} 56. Rd5+ {[%emt 0:00:00]} Ke7 {[%emt 0:00:00]} 57. Ra5 {[%emt 0:00:00]} Nc5 {[%emt 0:00:00]} 58. Ra2 {[%emt 0:01:36]} Nd3 {[%emt 0:00:00]} 59. Be4 {[%emt 0:00:35]} Ne5 {[%emt 0:00:00]} 60. Ra5 {[%emt 0:00:41]} Nc4 {[%emt 0:00:00]} 61. Ra6 {[%emt 0:00:33]} Nb6 {[%emt 0:00:00]} 62. Ra5 {[%emt 0:00:30]} Kd6 {[%emt 0:00:00]} 63. Bf3 {[%emt 0:00:42]} Nc4 {[%emt 0:00:00]} 64. Rd5+ {[%emt 0:00:24]} Ke7 {[%emt 0:00:00]} 65. Be2 {[%emt 0:00:22]} Ke6 {[%emt 0:01:37]} 66. Rd4 {[%emt 0:00:30]} Nb6 {[%emt 0:01:11]} 67. Bd1 {[%emt 0:00:24]} Rd7 {[%emt 0:01:17]} 68. Bb3+ {[%emt 0:00:16]} Ke7 {[%emt 0:00:24]} 69. Rf4 {[%emt 0:00:17]} Kf8 {[%emt 0:00:25]} 70. Kf3 {[%emt 0:01:24]} Kg7 {[%emt 0:00:14]} 71. Rb4 {[%emt 0:00:41]} Rd2 {[%emt 0:00:55]} 72. Ba4 {[%emt 0:03:56]} Kf8 {[%emt 0:01:36]} 73. Bc6 {[%emt 0:00:25]} Ke7 {[%emt 0:00:32]} 74. e4 {[%emt 0:01:34]} Rc2 {[%emt 0:02:49]} 75. Bb5 {[%emt 0:00:39]} Ke6 {[%emt 0:01:11]} 76. Bd3 {[%emt 0:00:32]} Rc3 {[%emt 0:01:18]} 77. Ke3 {[%emt 0:00:09]} Ra3 {[%emt 0:01:11]} 78. f4 {[%emt 0:00:27]} Kd6 {[%emt 0:03:55]} 79. Kd4 {[%emt 0:01:18]} Ra1 {[%emt 0:01:16]} 80. e5+ {[%emt 0:00:33]} Ke7 {[%emt 0:00:18]} 81. Rb3 {[%emt 0:00:15]} Ra5 {[%emt 0:01:36]} 82. Bb5 {[%emt 0:00:28]} Nd7 {[%emt 0:00:24]} 83. Bc4 {[%emt 0:01:09]} Nb6 {[%emt 0:00:04]} 84. Bb5 {[%emt 0:00:29]} Nd7 {[%emt 0:00:06]} 85. Bc4 {[%emt 0:00:20]} Nb6 {[%emt 0:00:05]} 86. Bb5 {[%emt 0:00:27]} Nd7 {[%emt 0:00:15]} 1/2-1/2